| 000 | 00826cam a22002535a 4500 | ||
|---|---|---|---|
| 001 | 14162752 | ||
| 005 | 20201128021521.0 | ||
| 008 | 051031t2007 maua frb 001 0 eng d | ||
| 020 | _a007110755X | ||
| 020 | _a9780071107556 | ||
| 040 |
_aDLC _cDLC _dEG-ScBUE _beng |
||
| 082 | 0 | 4 |
_a658.575 _222 _bTHO |
| 100 | 1 |
_aThomke, Stefan H. _938785 |
|
| 245 | 1 | 0 |
_aManaging product and service development : _btext and cases / _cStefan Thomke. |
| 260 |
_aBoston : _bMcGraw-Hill / Irwin, _cc.2007. |
||
| 300 |
_avii, 592 p. : _bill. ; _c24 cm. |
||
| 500 | _aIndex : p. 577-592. | ||
| 504 | _aIncludes bibliographical references. | ||
| 650 | 0 |
_aNew products _xManagement _2BUEsh _931878 |
|
| 650 | 7 |
_aProduction management. _2BUEsh _91855 |
|
| 651 | _2BUEsh | ||
| 653 |
_bBUSADM _cAugust2015 _cNovember2015 |
||
| 942 |
_2ddc _k658.575 THO |
||
| 999 |
_c20616 _d20588 |
||